<?xml version="1.0" encoding="UTF-8"?>
<record
    xmlns:xsi="http://www.w3.org/2001/XMLSchema-instance"
    xsi:schemaLocation="http://www.loc.gov/MARC21/slim http://www.loc.gov/standards/marcxml/schema/MARC21slim.xsd"
    xmlns="http://www.loc.gov/MARC21/slim">

  <leader>03651cam a2200409 i 4500</leader>
  <controlfield tag="001">22574936</controlfield>
  <controlfield tag="003">EG-ScBUE</controlfield>
  <controlfield tag="005">20250514085448.0</controlfield>
  <controlfield tag="008">220526t2009    caua   f b    000 0 eng d</controlfield>
  <datafield tag="020" ind1=" " ind2=" ">
    <subfield code="a">9780974320625</subfield>
  </datafield>
  <datafield tag="020" ind1=" " ind2=" ">
    <subfield code="a">0974320625</subfield>
  </datafield>
  <datafield tag="035" ind1=" " ind2=" ">
    <subfield code="a">(OCoLC)ocn298781856</subfield>
  </datafield>
  <datafield tag="040" ind1=" " ind2=" ">
    <subfield code="a">BTCTA</subfield>
    <subfield code="b">eng</subfield>
    <subfield code="e">rda</subfield>
    <subfield code="c">BTCTA</subfield>
    <subfield code="d">ILM</subfield>
    <subfield code="d">BWX</subfield>
    <subfield code="d">OCLCQ</subfield>
    <subfield code="d">SINIE</subfield>
    <subfield code="d">VP@</subfield>
    <subfield code="d">ILC</subfield>
    <subfield code="d">DEBSZ</subfield>
    <subfield code="d">YDXCP</subfield>
    <subfield code="d">VET</subfield>
    <subfield code="d">BDX</subfield>
    <subfield code="d">TULIB</subfield>
    <subfield code="d">OCLCF</subfield>
    <subfield code="d">VZD</subfield>
    <subfield code="d">OCLCQ</subfield>
    <subfield code="d">OCLCO</subfield>
    <subfield code="d">RB0</subfield>
    <subfield code="d">OCLCQ</subfield>
    <subfield code="d">BEDGE</subfield>
    <subfield code="d">LTP</subfield>
    <subfield code="d">CNGUL</subfield>
    <subfield code="d">OCLCO</subfield>
    <subfield code="d">MND</subfield>
    <subfield code="d">I8M</subfield>
    <subfield code="d">OCLCO</subfield>
    <subfield code="d">N$V</subfield>
    <subfield code="d">OCLCO</subfield>
    <subfield code="d">TUL</subfield>
    <subfield code="d">UZ0</subfield>
    <subfield code="d">OCLCO</subfield>
    <subfield code="d">NTX</subfield>
    <subfield code="d">BYV</subfield>
    <subfield code="d">DHA</subfield>
    <subfield code="d">P@N</subfield>
    <subfield code="d">TAW</subfield>
    <subfield code="d">OCLCO</subfield>
    <subfield code="d">CSJ</subfield>
    <subfield code="d">OCLCO</subfield>
    <subfield code="d">OCLCQ</subfield>
    <subfield code="d">OCLCO</subfield>
    <subfield code="d">OCLCQ</subfield>
    <subfield code="d">DMY</subfield>
    <subfield code="d">QQ3</subfield>
    <subfield code="d">MOF</subfield>
    <subfield code="d">OCLCO</subfield>
    <subfield code="d">GILDS</subfield>
    <subfield code="d">OCLCO</subfield>
    <subfield code="d">HMG</subfield>
    <subfield code="d">RVA</subfield>
    <subfield code="d">CPO</subfield>
    <subfield code="d">P4A</subfield>
    <subfield code="d">OCLCO</subfield>
    <subfield code="d">FB3</subfield>
    <subfield code="d">CPS</subfield>
    <subfield code="d">S#L</subfield>
    <subfield code="d">IGA</subfield>
    <subfield code="d">OCLCO</subfield>
    <subfield code="d">WW9</subfield>
    <subfield code="d">TOF</subfield>
    <subfield code="d">BHL</subfield>
    <subfield code="d">OCLCO</subfield>
    <subfield code="d">FYM</subfield>
    <subfield code="d">OCLCO</subfield>
    <subfield code="d">OCLCA</subfield>
    <subfield code="d">IWU</subfield>
    <subfield code="d">OCLCO</subfield>
    <subfield code="d">IHT</subfield>
    <subfield code="d">OCLCA</subfield>
    <subfield code="d">OCLCQ</subfield>
    <subfield code="d">GAVCL</subfield>
    <subfield code="d">OCLCQ</subfield>
    <subfield code="d">OCLCO</subfield>
    <subfield code="d">BBW</subfield>
    <subfield code="d">OCLCO</subfield>
    <subfield code="d">DLC</subfield>
    <subfield code="d">EG-ScBUE</subfield>
  </datafield>
  <datafield tag="043" ind1=" " ind2=" ">
    <subfield code="a">n-us---</subfield>
  </datafield>
  <datafield tag="082" ind1="0" ind2="4">
    <subfield code="a">152.4</subfield>
    <subfield code="2">22</subfield>
    <subfield code="b">BRA</subfield>
  </datafield>
  <datafield tag="100" ind1="1" ind2=" ">
    <subfield code="a">Bradberry, Travis,</subfield>
    <subfield code="e">author.</subfield>
  </datafield>
  <datafield tag="245" ind1="1" ind2="0">
    <subfield code="a">Emotional intelligence 2.0 /</subfield>
    <subfield code="c">Dr. Travis Bradberry &amp; Jean Greaves ; foreword by Patrick Lencioni.</subfield>
  </datafield>
  <datafield tag="264" ind1=" " ind2="1">
    <subfield code="a">San Diego, California :</subfield>
    <subfield code="b">TalentSmart,</subfield>
    <subfield code="c">[2009]</subfield>
  </datafield>
  <datafield tag="264" ind1=" " ind2="4">
    <subfield code="c">&#xA9;2009</subfield>
  </datafield>
  <datafield tag="300" ind1=" " ind2=" ">
    <subfield code="a">xvii, 255 pages :</subfield>
    <subfield code="b">illustrations ;</subfield>
    <subfield code="c">19 cm</subfield>
  </datafield>
  <datafield tag="336" ind1=" " ind2=" ">
    <subfield code="a">text</subfield>
    <subfield code="b">txt</subfield>
    <subfield code="2">rdacontent</subfield>
  </datafield>
  <datafield tag="337" ind1=" " ind2=" ">
    <subfield code="a">unmediated</subfield>
    <subfield code="b">n</subfield>
    <subfield code="2">rdamedia</subfield>
  </datafield>
  <datafield tag="338" ind1=" " ind2=" ">
    <subfield code="a">volume</subfield>
    <subfield code="b">nc</subfield>
    <subfield code="2">rdacarrier</subfield>
  </datafield>
  <datafield tag="500" ind1=" " ind2=" ">
    <subfield code="a">"Includes a new &amp; enhanced online edition of the world's most popular emotional intelligence test."</subfield>
  </datafield>
  <datafield tag="504" ind1=" " ind2=" ">
    <subfield code="a">Includes bibliographical references.</subfield>
  </datafield>
  <datafield tag="505" ind1="0" ind2="0">
    <subfield code="t">Journey --</subfield>
    <subfield code="t">Big Picture --</subfield>
    <subfield code="t">What Emotional Intelligence looks Like: Understanding the Four Skills --</subfield>
    <subfield code="t">Digging In: An Action Plan to Increase Your EQ --</subfield>
    <subfield code="t">Self-Awareness Strategies --</subfield>
    <subfield code="t">Self-Management Strategies --</subfield>
    <subfield code="t">Social Awareness Strategies --</subfield>
    <subfield code="t">Relationship Management Strategies --</subfield>
    <subfield code="g">Epilogue--Just the Facts : A Look at the Latest Discoveries in Emotional Intelligence --</subfield>
    <subfield code="t">Discussion Questions for Reading Groups.</subfield>
  </datafield>
  <datafield tag="520" ind1=" " ind2=" ">
    <subfield code="a">"Knowing what emotional intelligence is, and knowing how to use it to improve your life, are two very different things." --Publisher.</subfield>
  </datafield>
  <datafield tag="520" ind1=" " ind2=" ">
    <subfield code="a">In today's fast-paced world of competitive workplaces and turbulent economic conditions, each of us is searching for effective tools that can help us manage, adapt, and strike out ahead of the pack.  By now, emotional intelligence (EQ) needs little introduction--it's no secret that EQ is critical to your success.  But knowing what emotional intelligence is and knowing how to use it to improve your life are two very different things.  Emotional Intelligence 2.0 delivers a step-by-step program for increasing your emotional intelligence using the four core EQ skills--self-awareness, self-management--to exceed your goals and achieve your fullest potential.  For the first time ever in a book, Drs. Bradberry and Greaves unveil Talent Smart's revolutionary program to help people identify their EQ skills, build these skills into strengths, and enjoy consistent performance in the pursuit of important life objectives.  This book contains proven strategies from a decade-long effort to accurately measure and increase emotional intelligence.  Trusted by upper-echelon leaders inside companies worldwide, these strategies will enable you to capitalize on the skills responsible for 58% of performance in all types of jobs--from dust jacket.</subfield>
  </datafield>
  <datafield tag="650" ind1=" " ind2="7">
    <subfield code="a">Emotional intelligence.</subfield>
    <subfield code="2">BUEsh</subfield>
  </datafield>
  <datafield tag="653" ind1=" " ind2=" ">
    <subfield code="c">May2025</subfield>
    <subfield code="b">HHUUPPSS</subfield>
  </datafield>
  <datafield tag="655" ind1=" " ind2=" ">
    <subfield code="v">Reading book</subfield>
  </datafield>
  <datafield tag="700" ind1="1" ind2=" ">
    <subfield code="a">Greaves, Jean,</subfield>
    <subfield code="e">author.</subfield>
  </datafield>
  <datafield tag="700" ind1="1" ind2=" ">
    <subfield code="a">Lencioni, Patrick,</subfield>
    <subfield code="d">1965-</subfield>
    <subfield code="e">writer of foreword.</subfield>
  </datafield>
  <datafield tag="856" ind1="4" ind2="1">
    <subfield code="3">Table of contents</subfield>
    <subfield code="q">application/pdf</subfield>
    <subfield code="u">http://swbplus.bsz-bw.de/bsz314834796inh.htm</subfield>
    <subfield code="v">20100120143328</subfield>
  </datafield>
  <datafield tag="906" ind1=" " ind2=" ">
    <subfield code="a">7</subfield>
    <subfield code="b">cbc</subfield>
    <subfield code="c">copycat</subfield>
    <subfield code="d">2</subfield>
    <subfield code="e">ncip</subfield>
    <subfield code="f">20</subfield>
    <subfield code="g">y-gencatlg</subfield>
  </datafield>
  <datafield tag="942" ind1=" " ind2=" ">
    <subfield code="2">ddc</subfield>
    <subfield code="c">BB</subfield>
  </datafield>
  <datafield tag="999" ind1=" " ind2=" ">
    <subfield code="c">30984</subfield>
    <subfield code="d">30955</subfield>
  </datafield>
  <datafield tag="952" ind1=" " ind2=" ">
    <subfield code="0">0</subfield>
    <subfield code="1">0</subfield>
    <subfield code="2">ddc</subfield>
    <subfield code="4">0</subfield>
    <subfield code="7">0</subfield>
    <subfield code="8">Baccah</subfield>
    <subfield code="a">MAIN</subfield>
    <subfield code="b">MAIN</subfield>
    <subfield code="c">LOW</subfield>
    <subfield code="d">2025-05-14</subfield>
    <subfield code="e">Purchase</subfield>
    <subfield code="g">1560.00</subfield>
    <subfield code="h">39241</subfield>
    <subfield code="l">1</subfield>
    <subfield code="m">5</subfield>
    <subfield code="o">152.4 BRA</subfield>
    <subfield code="p">000057363</subfield>
    <subfield code="q">2026-03-08</subfield>
    <subfield code="r">2025-10-16 00:00:00</subfield>
    <subfield code="s">2025-10-16</subfield>
    <subfield code="v">1950.00</subfield>
    <subfield code="w">2025-05-14</subfield>
    <subfield code="y">BB</subfield>
  </datafield>
</record>
